[Event "Heusenstamm Sparkassen op-A 7th"]
[Site "Heusenstamm"]
[Date "2021.11.18"]
[Round "1.34"]
[White "Ehrlacher, Markus"]
[Black "Kleibel, Uwe"]
[Result "0-1"]
[WhiteElo "1902"]
[BlackElo "2149"]
[PlyCount "64"]
[EventDate "2021.11.18"]
[EventType "swiss"]
[EventRounds "7"]
[EventCountry "GER"]
[SourceTitle "EXT 2023"]
[Source "ChessBase"]
[SourceDate "2022.10.05"]
[SourceVersion "1"]
[SourceVersionDate "2022.10.05"]
[SourceQuality "1"]

1. c4 c6 2. Nf3 d5 3. b3 Bf5 4. g3 Nf6 5. Bg2 e6 6. 0-0 h6 7. Bb2 Be7 8. d3 0-0 9. Nbd2 a5 10. a3 Nbd7 11. Rc1 Bh7 12. Rc2 Re8 13. Qa1 c5 14. cxd5 exd5 15. Ne5 Nxe5 16. Bxe5 Qd7 17. a4 Rac8 18. Rcc1 b6 19. h3 Rc6 20. Rfd1 Re6 21. e4 Bd8 22. f4 d4 23. Bxf6 Rxf6 24. e5 Rfe6 25. Be4 f6 26. Bxh7+ Kxh7 27. Nc4 fxe5 28. Nxe5 Rxe5 29. fxe5 Qxh3 30. Qb2 Bg5 31. Rc2 Be3+ 32. Rf2 Rxe5 0-1

[Event "Bereichsliga 1617"]
[Site "Baden"]
[Date "2016.10.23"]
[Round "2.1"]
[White "Georgiev, Kiril"]
[Black "Ehrlacher, Markus"]
[Result "1/2-1/2"]
[WhiteElo "2613"]
[BlackElo "1943"]
[PlyCount "118"]
[EventDate "2016.10.02"]
[EventType "team-tourn"]
[EventCountry "GER"]
[SourceTitle "EXT 2018"]
[Source "ChessBase"]
[SourceDate "2017.10.13"]
[SourceVersion "1"]
[SourceVersionDate "2017.10.13"]
[SourceQuality "1"]
[WhiteTeam "Iffezheim"]
[BlackTeam "Oetigheim"]
[WhiteTeamCountry "GER"]
[BlackTeamCountry "GER"]

1. d4 d5 2. c4 dxc4 3. e3 Nf6 4. Bxc4 e6 5. Nf3 a6 6. 0-0 Nbd7 7. a4 b6 8. Nc3 Bb7 9. Qe2 c5 10. Rd1 Qc7 11. d5 exd5 12. Nxd5 Nxd5 13. Bxd5 Bxd5 14. Rxd5 Be7 15. b3 0-0 16. Bb2 Bf6 17. Rad1 Rfd8 18. h3 Bxb2 19. Qxb2 Nf6 20. R5d3 Rxd3 21. Rxd3 Rd8 22. Qe2 h6 23. e4 Rxd3 24. Qxd3 Qd7 25. Qxa6 Qd1+ 26. Kh2 Qxb3 27. Qc8+ Kh7 28. Qf5+ Kg8 29. e5 Ne8 30. Qd7 Qe6 31. Qd8 Kf8 32. a5 bxa5 33. Qxa5 Qc4 34. Qd2 Qe4 35. Kg1 Qb1+ 36. Kh2 Qe4 37. Qc1 Qd5 38. Qb2 f6 39. Qc3 fxe5 40. Nxe5 Nf6 41. Qe3 Qd4 42. Qxd4 cxd4 43. Kg3 g5 44. Kf3 Nd5 45. g3 Nc3 46. Kg4 Kg7 47. Kf5 Ne2 48. h4 gxh4 49. gxh4 Nc3 50. Nd3 Kf7 51. Ke5 Ne2 52. h5 Ke7 53. Kf5 Kf7 54. Nc5 Kg7 55. Ke5 Kf7 56. Kf5 Kg7 57. Nd3 Nc3 58. Ke5 Ne2 59. Ke6 Nc3 1/2-1/2

[Event "Karl Mala Memorial op 12th"]
[Site "Frankfurt"]
[Date "2009.07.19"]
[Round "7"]
[White "Ehrlacher, Markus"]
[Black "Konik, Michael"]
[Result "1/2-1/2"]
[WhiteElo "1947"]
[BlackElo "2117"]
[PlyCount "25"]
[EventDate "2009.07.16"]
[EventType "swiss"]
[EventRounds "7"]
[EventCountry "GER"]
[SourceTitle "EXT 2010"]
[Source "ChessBase"]
[SourceDate "2010.11.25"]
[SourceVersion "1"]
[SourceVersionDate "2010.11.25"]
[SourceQuality "1"]

1. d4 d5 2. Nf3 Nf6 3. e3 c6 4. c4 e6 5. Nbd2 Nbd7 6. b3 Be7 7. Bd3 0-0 8. 0-0 Re8 9. Bb2 b6 10. Qe2 Bb7 11. Rac1 Qc7 12. Rfd1 Rad8 13. Bb1 1/2-1/2

[Event "Karl Mala Memorial op 12th"]
[Site "Frankfurt"]
[Date "2009.07.17"]
[Round "3"]
[White "Ehrlacher, Markus"]
[Black "Koch, Thomas"]
[Result "1-0"]
[WhiteElo "1947"]
[BlackElo "2446"]
[PlyCount "43"]
[EventDate "2009.07.16"]
[EventType "swiss"]
[EventRounds "7"]
[EventCountry "GER"]
[SourceTitle "EXT 2010"]
[Source "ChessBase"]
[SourceDate "2010.11.25"]
[SourceVersion "1"]
[SourceVersionDate "2010.11.25"]
[SourceQuality "1"]

1. d4 f5 2. Nf3 Nf6 3. e3 g6 4. Bd3 Bg7 5. Nbd2 d6 6. 0-0 0-0 7. c3 Qe8 8. e4 fxe4 9. Nxe4 d5 10. Nxf6+ Bxf6 11. Bh6 Bg7 12. Bxg7 Kxg7 13. Ne5 Nc6 14. Bb5 Bd7 15. Bxc6 Bxc6 16. Re1 Rf5 17. Qe2 Kf6 18. Ng4+ Kf7 19. Nh6+ Kf6 20. Nxf5 gxf5 21. Qe6+ Kg5 22. Re3 1-0

[Event "Karl Mala Memorial op 12th"]
[Site "Frankfurt"]
[Date "2009.07.17"]
[Round "2"]
[White "Erdmann, Stefan"]
[Black "Ehrlacher, Markus"]
[Result "1-0"]
[WhiteElo "2199"]
[BlackElo "1947"]
[PlyCount "49"]
[EventDate "2009.07.16"]
[EventType "swiss"]
[EventRounds "7"]
[EventCountry "GER"]
[SourceTitle "EXT 2010"]
[Source "ChessBase"]
[SourceDate "2010.11.25"]
[SourceVersion "1"]
[SourceVersionDate "2010.11.25"]
[SourceQuality "1"]

1. d4 d5 2. c4 c6 3. Nf3 Nf6 4. Nc3 dxc4 5. e3 b5 6. a4 b4 7. Nb1 a5 8. Bxc4 Ba6 9. Nbd2 e6 10. 0-0 Bxc4 11. Nxc4 Nbd7 12. Qe2 Be7 13. Rd1 0-0 14. e4 Qc7 15. Bg5 h6 16. Bh4 Rfe8 17. Bg3 Qb7 18. Nd6 Bxd6 19. Bxd6 c5 20. dxc5 Qxe4 21. Qb5 Rec8 22. Rac1 Qc6 23. Nd4 Qxb5 24. axb5 Nd5 25. b6 1-0

[Event "Dortmund op"]
[Site "Dortmund"]
[Date "2009.07.07"]
[Round "4"]
[White "Ehrlacher, Markus"]
[Black "Hansch, Karsten"]
[Result "1/2-1/2"]
[WhiteElo "1947"]
[BlackElo "1831"]
[PlyCount "33"]
[EventDate "2009.07.04"]
[EventType "swiss"]
[EventRounds "9"]
[EventCountry "GER"]
[SourceTitle "CBM 131 Extra"]
[Source "ChessBase"]
[SourceDate "2009.09.03"]
[SourceVersion "2"]
[SourceVersionDate "2009.09.16"]
[SourceQuality "1"]

1. d4 Nf6 2. Bf4 g6 3. e3 Bg7 4. Be2 0-0 5. Nf3 d6 6. h3 Nbd7 7. 0-0 c5 8. c3 a6 9. a4 b6 10. Nbd2 Bb7 11. Qb1 Rc8 12. Re1 Rc7 13. Ng5 Qa8 14. Bf3 Bxf3 15. Ngxf3 Ra7 16. Qa2 Qb7 17. Qb3 1/2-1/2

[Event "Dortmund op"]
[Site "Dortmund"]
[Date "2009.07.06"]
[Round "3"]
[White "Spyrou, Emanuel"]
[Black "Ehrlacher, Markus"]
[Result "1/2-1/2"]
[WhiteElo "2246"]
[BlackElo "1947"]
[PlyCount "70"]
[EventDate "2009.07.04"]
[EventType "swiss"]
[EventRounds "9"]
[EventCountry "GER"]
[SourceTitle "CBM 131 Extra"]
[Source "ChessBase"]
[SourceDate "2009.09.03"]
[SourceVersion "2"]
[SourceVersionDate "2009.09.16"]
[SourceQuality "1"]

1. d4 d5 2. c4 c6 3. Nf3 Nf6 4. Nc3 dxc4 5. a4 Bf5 6. e3 e6 7. Bxc4 Bb4 8. 0-0 0-0 9. Nh4 Bg6 10. f3 Nd5 11. Nxg6 hxg6 12. Qb3 Qb6 13. Bd2 Be7 14. a5 Qxb3 15. Bxb3 Na6 16. e4 Ndb4 17. Be3 c5 18. d5 c4 19. Bxc4 Nc2 20. Bf2 Nxa1 21. Rxa1 Nc7 22. Bb3 exd5 23. Nxd5 Bd6 24. Nxc7 Bxc7 25. Bd5 a6 26. b4 Rfd8 27. g3 Rd7 28. Bc5 Bd6 29. Bxd6 Rxd6 30. Bxb7 Rb8 31. Bd5 Rxb4 32. Kf2 Rxd5 33. exd5 Rd4 34. Ke3 Rxd5 35. Ke4 Rb5 1/2-1/2

[Event "Verbandsliga Sued Baden 0607"]
[Site "Germany"]
[Date "2007.04.29"]
[Round "9.7"]
[White "Ehrlacher, Markus"]
[Black "Reis, Hans Helmut"]
[Result "0-1"]
[WhiteElo "1774"]
[BlackElo "1914"]
[PlyCount "132"]
[EventDate "2006.10.22"]
[EventType "team"]
[EventRounds "9"]
[EventCountry "GER"]
[SourceTitle "EXT 2008"]
[Source "ChessBase"]
[SourceDate "2007.11.25"]
[SourceVersion "1"]
[SourceVersionDate "2007.11.25"]
[SourceQuality "1"]
[WhiteTeam "Iffezheim"]
[BlackTeam "Kehl"]
[WhiteTeamCountry "GER"]
[BlackTeamCountry "GER"]

1. d4 d5 2. Nf3 c6 3. e3 Bf5 4. Bd3 Bxd3 5. Qxd3 Nf6 6. Nbd2 Nbd7 7. 0-0 e6 8. c3 Bd6 9. e4 dxe4 10. Nxe4 Nxe4 11. Qxe4 0-0 12. Bg5 Qa5 13. Rfe1 h6 14. Bh4 Qh5 15. Bg3 Bxg3 16. hxg3 Qb5 17. Qe2 Qxe2 18. Rxe2 Rad8 19. Ne5 Rfe8 20. Rae1 Nb6 21. Nd3 Nd5 22. Ne5 Kf8 23. Nc4 Re7 24. Ne3 Nf6 25. Nc4 Rc7 26. Ne5 c5 27. dxc5 Rxc5 28. Nf3 Rcd5 29. Nd4 R8d6 30. Re5 Ra6 31. Rxd5 Nxd5 32. a3 Rb6 33. Re2 Nc7 34. c4 Rd6 35. Nb5 Nxb5 36. cxb5 Rd1+ 37. Kh2 Ke7 38. Rc2 Kd7 39. Rc3 Rd2 40. Rf3 f6 41. b3 Kc7 42. Re3 e5 43. f3 Rd5 44. a4 Kd6 45. g4 Rd4 46. Kg3 Rd1 47. Rc3 Kd7 48. Re3 g6 49. Rc3 g5 50. Rc4 Ke7 51. Rc7+ Rd7 52. Rc4 Ke6 53. Kf2 Rd3 54. b4 Rd4 55. Rxd4 exd4 56. Ke2 f5 57. Kd3 fxg4 58. fxg4 Kd5 59. a5 b6 60. axb6 axb6 61. g3 Ke5 62. Kd2 Ke4 63. Ke2 d3+ 64. Kd2 Kd4 65. Kd1 Kc3 66. Kc1 Kxb4 0-1

[Event "Baden-ch HT2"]
[Site "Oberwinden"]
[Date "2007.04.11"]
[Round "6"]
[White "Gissler, Juergen"]
[Black "Ehrlacher, Markus"]
[Result "1/2-1/2"]
[WhiteElo "1664"]
[BlackElo "1968"]
[PlyCount "71"]
[EventDate "2007.04.06"]
[EventType "swiss"]
[EventRounds "9"]
[EventCountry "GER"]
[SourceTitle "CBM 117 Extra"]
[Source "ChessBase"]
[SourceDate "2007.05.09"]
[SourceVersion "1"]
[SourceVersionDate "2007.05.09"]
[SourceQuality "1"]

1. e4 d5 2. exd5 Qxd5 3. Nc3 Qa5 4. d4 c6 5. Nf3 Nf6 6. Bf4 Bf5 7. Nd2 e6 8. Nc4 Qd8 9. a3 Be7 10. Be2 0-0 11. Bf3 Bg6 12. h4 h6 13. Qe2 Qxd4 14. Be5 Qd8 15. h5 Bh7 16. Rd1 Nd5 17. Rh3 Nd7 18. Bh2 b5 19. Nd6 N7f6 20. Nce4 Nxe4 21. Nxe4 Bxe4 22. Qxe4 Qb6 23. g4 Nf6 24. Qe2 Nh7 25. Bg2 Rfd8 26. Rhd3 Rxd3 27. Rxd3 Rd8 28. Rxd8+ Bxd8 29. Qd3 Bh4 30. Qd2 Nf6 31. Bf3 Nd5 32. b3 Bg5 33. Qd3 Bh4 34. Qd2 Bg5 35. Qd3 Bh4 36. Qd2 1/2-1/2

[Event "Baden-ch HT2"]
[Site "Oberwinden"]
[Date "2007.04.10"]
[Round "5"]
[White "Ehrlacher, Markus"]
[Black "Pfleger, Jochen"]
[Result "1-0"]
[WhiteElo "1968"]
[BlackElo "1918"]
[PlyCount "25"]
[EventDate "2007.04.06"]
[EventType "swiss"]
[EventRounds "9"]
[EventCountry "GER"]
[SourceTitle "CBM 117 Extra"]
[Source "ChessBase"]
[SourceDate "2007.05.09"]
[SourceVersion "1"]
[SourceVersionDate "2007.05.09"]
[SourceQuality "1"]

1. d4 d5 2. Nf3 Nf6 3. e3 c6 4. c4 Bg4 5. Qb3 Qb6 6. c5 Qxb3 7. axb3 Nbd7 8. b4 e6 9. b5 cxb5 10. Bxb5 Be7 11. Ne5 a6 12. Bxd7+ Nxd7 13. Nxg4 1-0

[Event "Verbandsliga Sued Baden 0607"]
[Site "Germany"]
[Date "2007.03.25"]
[Round "8.6"]
[White "Ehrlacher, Markus"]
[Black "Kopp, Berthold"]
[Result "1/2-1/2"]
[WhiteElo "1787"]
[BlackElo "2073"]
[PlyCount "80"]
[EventDate "2006.10.22"]
[EventType "team"]
[EventRounds "9"]
[EventCountry "GER"]
[SourceTitle "EXT 2008"]
[Source "ChessBase"]
[SourceDate "2007.11.25"]
[SourceVersion "1"]
[SourceVersionDate "2007.11.25"]
[SourceQuality "1"]
[WhiteTeam "Iffezheim"]
[BlackTeam "Lahr"]
[WhiteTeamCountry "GER"]
[BlackTeamCountry "GER"]

1. d4 d5 2. Nf3 Bf5 3. e3 e6 4. c4 c6 5. Nc3 Nd7 6. Bd3 Bg6 7. 0-0 Ngf6 8. Qe2 Be7 9. e4 dxe4 10. Nxe4 Nxe4 11. Bxe4 Nf6 12. Bc2 Qc7 13. Bg5 0-0 14. Bxg6 hxg6 15. Rfe1 Rad8 16. Rad1 Bb4 17. Bd2 Qa5 18. Bxb4 Qxb4 19. Ne5 Qb6 20. Nf3 Rd7 21. h3 Rfd8 22. b3 Qb4 23. Qd2 Qxd2 24. Rxd2 c5 25. Red1 Ne4 26. Rd3 cxd4 27. Rxd4 Rxd4 28. Rxd4 Rxd4 29. Nxd4 Kf8 30. Ne2 Ke7 31. f3 Nc5 32. Nc3 Nd3 33. Kf1 a6 34. Ke2 Nf4+ 35. Kf2 f6 36. Ne4 b6 37. h4 Kd7 38. g3 Nd3+ 39. Ke3 Nb4 40. Nc3 Kd6 1/2-1/2

[Event "Verbandsliga Sued Baden 0607"]
[Site "Germany"]
[Date "2007.03.11"]
[Round "7.6"]
[White "Zimmermann, Peter"]
[Black "Ehrlacher, Markus"]
[Result "1-0"]
[WhiteElo "2025"]
[BlackElo "1787"]
[PlyCount "55"]
[EventDate "2006.10.22"]
[EventType "team"]
[EventRounds "9"]
[EventCountry "GER"]
[SourceTitle "EXT 2008"]
[Source "ChessBase"]
[SourceDate "2007.11.25"]
[SourceVersion "1"]
[SourceVersionDate "2007.11.25"]
[SourceQuality "1"]
[WhiteTeam "Waldshut II"]
[BlackTeam "Iffezheim"]
[WhiteTeamCountry "GER"]
[BlackTeamCountry "GER"]

1. e4 d5 2. exd5 Qxd5 3. Nf3 Bg4 4. Be2 Nc6 5. h3 Bh5 6. d4 0-0-0 7. Be3 e5 8. c4 Qa5+ 9. Bd2 Bb4 10. d5 Bxf3 11. Bxf3 Bxd2+ 12. Nxd2 Nd4 13. 0-0 Nxf3+ 14. Nxf3 f6 15. Qc2 Qc5 16. Rfd1 Nh6 17. b4 Qxb4 18. Rab1 Qe7 19. c5 c6 20. d6 Qd7 21. Qa4 a6 22. Rb6 Qf7 23. Rxc6+ bxc6 24. Qxc6+ Kb8 25. Rb1+ Ka7 26. Qb6+ Ka8 27. Qxa6+ Qa7 28. Qc6+ 1-0

[Event "Verbandsliga Sued Baden 0607"]
[Site "Germany"]
[Date "2006.11.26"]
[Round "3.7"]
[White "Ehrlacher, Markus"]
[Black "Bayer, Erwin"]
[Result "0-1"]
[WhiteElo "1788"]
[BlackElo "1886"]
[PlyCount "36"]
[EventDate "2006.10.22"]
[EventType "team"]
[EventRounds "9"]
[EventCountry "GER"]
[SourceTitle "EXT 2008"]
[Source "ChessBase"]
[SourceDate "2007.11.25"]
[SourceVersion "1"]
[SourceVersionDate "2007.11.25"]
[SourceQuality "1"]
[WhiteTeam "Iffezheim"]
[BlackTeam "Gottmadingen"]
[WhiteTeamCountry "GER"]
[BlackTeamCountry "GER"]

1. d4 d5 2. Nf3 Nf6 3. e3 Bg4 4. c4 dxc4 5. Bxc4 e6 6. 0-0 Nbd7 7. Nc3 Bd6 8. e4 e5 9. dxe5 Nxe5 10. Be2 Qe7 11. Nxe5 Qxe5 12. f4 Bc5+ 13. Kh1 Qh5 14. g3 0-0 15. Bxg4 Nxg4 16. Qe2 Rad8 17. Nd5 Rfe8 18. Nc3 Rd3 0-1

[Event "Karl Mala Memorial op 10th"]
[Site "Griesheim"]
[Date "2006.07.21"]
[Round "2"]
[White "Markgraf, Claudia"]
[Black "Ehrlacher, Markus"]
[Result "1-0"]
[WhiteElo "2114"]
[BlackElo "1986"]
[PlyCount "39"]
[EventDate "2006.07.20"]
[EventType "swiss"]
[EventRounds "7"]
[EventCountry "GER"]
[SourceTitle "CBM 113 Extra"]
[Source "ChessBase"]
[SourceDate "2006.09.14"]
[SourceVersion "1"]
[SourceVersionDate "2006.09.14"]
[SourceQuality "1"]

1. e4 d5 2. exd5 Qxd5 3. Nc3 Qa5 4. d4 c6 5. Nf3 Bf5 6. Bd2 e6 7. Nh4 Bg6 8. Nxg6 hxg6 9. Bd3 Qc7 10. g3 Nf6 11. Qe2 Bd6 12. 0-0-0 b5 13. Rde1 0-0 14. h4 Re8 15. h5 Nxh5 16. Rxh5 gxh5 17. Qxh5 g6 18. Bxg6 fxg6 19. Qxg6+ Kf8 20. Bh6+ 1-0

[Event "Karl Mala Memorial op 09th"]
[Site "Frankfurt"]
[Date "2005.07.31"]
[Round "6"]
[White "Lukat, Lutz"]
[Black "Ehrlacher, Markus"]
[Result "1/2-1/2"]
[WhiteElo "1669"]
[BlackElo "1999"]
[PlyCount "81"]
[EventDate "2005.07.28"]
[EventType "swiss"]
[EventRounds "7"]
[EventCountry "GER"]
[SourceTitle "EXT 2006"]
[Source "ChessBase"]
[SourceDate "2005.11.24"]
[SourceVersion "1"]
[SourceVersionDate "2005.11.24"]
[SourceQuality "1"]

1. e4 d5 2. exd5 Qxd5 3. Nc3 Qa5 4. d4 c6 5. Bc4 Bf5 6. Nf3 Nf6 7. Bd2 e6 8. Nd5 Qd8 9. Ne3 Bg6 10. c3 Nbd7 11. Nh4 Bd6 12. Nxg6 hxg6 13. Qc2 Qc7 14. 0-0-0 0-0-0 15. h3 Rh7 16. Kb1 Rdh8 17. Rhf1 Nb6 18. Bd3 Nbd5 19. Nc4 Bf4 20. Bxf4 Nxf4 21. Ne5 Nxd3 22. Qxd3 Rd8 23. Qf3 Rhh8 24. Rd3 Rhf8 25. Rfd1 Nd7 26. Nc4 Nb6 27. Nxb6+ Qxb6 28. Qe2 Qc7 29. c4 Kb8 30. d5 cxd5 31. cxd5 Rxd5 32. Rxd5 exd5 33. Rxd5 Rc8 34. Rd1 Qc4 35. Qxc4 Rxc4 36. Rd7 Rc7 37. Rd8+ Rc8 38. Rxc8+ Kxc8 39. Kc2 Kc7 40. Kd3 Kd6 41. Kd4 1/2-1/2

[Event "Karl Mala Memorial op 09th"]
[Site "Frankfurt"]
[Date "2005.07.30"]
[Round "5"]
[White "Ehrlacher, Markus"]
[Black "Ereth, Gernot"]
[Result "1/2-1/2"]
[WhiteElo "1999"]
[BlackElo "1663"]
[PlyCount "51"]
[EventDate "2005.07.28"]
[EventType "swiss"]
[EventRounds "7"]
[EventCountry "GER"]
[SourceTitle "EXT 2006"]
[Source "ChessBase"]
[SourceDate "2005.11.24"]
[SourceVersion "1"]
[SourceVersionDate "2005.11.24"]
[SourceQuality "1"]

1. d4 Nf6 2. Nf3 d5 3. e3 Bg4 4. c4 c6 5. Nc3 e6 6. Qb3 Qb6 7. Qxb6 axb6 8. Ne5 Bb4 9. Bd2 Nbd7 10. Nxg4 Nxg4 11. cxd5 exd5 12. Be2 Ngf6 13. 0-0 Bxc3 14. Bxc3 Ne4 15. Rfc1 Nxc3 16. Rxc3 b5 17. Kf1 Ke7 18. Ke1 Ra7 19. a3 Rha8 20. Rb3 Kd6 21. Rc1 Ra5 22. h4 f5 23. g3 Nf6 24. Bd3 g6 25. Kd2 Re8 26. Re1 1/2-1/2

[Event "Karl Mala Memorial op 09th"]
[Site "Frankfurt"]
[Date "2005.07.30"]
[Round "4"]
[White "Riha, Peter"]
[Black "Ehrlacher, Markus"]
[Result "1/2-1/2"]
[WhiteElo "1590"]
[BlackElo "1999"]
[PlyCount "84"]
[EventDate "2005.07.28"]
[EventType "swiss"]
[EventRounds "7"]
[EventCountry "GER"]
[SourceTitle "EXT 2006"]
[Source "ChessBase"]
[SourceDate "2005.11.24"]
[SourceVersion "1"]
[SourceVersionDate "2005.11.24"]
[SourceQuality "1"]

1. d4 Nf6 2. c4 e6 3. Nc3 Bb4 4. e3 b6 5. Nge2 Ne4 6. Qc2 Bb7 7. a3 Bxc3+ 8. Nxc3 f5 9. d5 exd5 10. cxd5 Nxc3 11. Qxc3 0-0 12. Bc4 d6 13. b4 Qf6 14. Qxf6 Rxf6 15. Bb2 Rf7 16. 0-0 Nd7 17. Rfd1 Re8 18. Rac1 Ne5 19. Bb5 Ree7 20. Bc6 Bxc6 21. dxc6 Ng4 22. h3 Nf6 23. Bxf6 Rxf6 24. Rd4 Re5 25. Kf1 a5 26. Rcd1 Rfe6 27. Rd5 axb4 28. axb4 Kf7 29. Rxe5 Rxe5 30. Rd4 Ke6 31. Ke2 Re4 32. Kd3 d5 33. Rxe4+ dxe4+ 34. Kd4 Kd6 35. b5 g6 36. h4 h6 37. g3 h5 38. Kc4 Ke5 39. Kc3 Kd5 40. Kb4 Kd6 41. Kc4 Ke5 42. Kc3 Kd5 1/2-1/2

[Event "Karl Mala Memorial op 09th"]
[Site "Frankfurt"]
[Date "2005.07.29"]
[Round "2"]
[White "Guenther, Peter"]
[Black "Ehrlacher, Markus"]
[Result "1-0"]
[WhiteElo "2200"]
[BlackElo "1999"]
[PlyCount "77"]
[EventDate "2005.07.28"]
[EventType "swiss"]
[EventRounds "7"]
[EventCountry "GER"]
[SourceTitle "EXT 2006"]
[Source "ChessBase"]
[SourceDate "2005.11.24"]
[SourceVersion "1"]
[SourceVersionDate "2005.11.24"]
[SourceQuality "1"]

1. e4 d5 2. exd5 Qxd5 3. Nc3 Qa5 4. Bc4 c6 5. d3 Bf5 6. Nge2 e6 7. Ng3 Bg6 8. 0-0 Bd6 9. Nce4 Bxe4 10. dxe4 Bxg3 11. hxg3 Nf6 12. Qe2 Nbd7 13. Bf4 e5 14. Bd2 Qc7 15. a4 0-0 16. g4 Rfd8 17. g5 Ne8 18. Ra3 Nc5 19. Bb4 Ne6 20. Qh5 Nf4 21. Qg4 Rd4 22. Rc3 Rxe4 23. Qf5 Rd4 24. Bc5 g6 25. Qg4 Rd2 26. g3 Ne6 27. Bxe6 fxe6 28. Qxe6+ Qf7 29. Qxe5 Nc7 30. Bd4 Rxd4 31. Qxd4 Nd5 32. Rd3 Qf5 33. c4 Nb4 34. Rb3 Nc2 35. Qf6 Qxf6 36. gxf6 b6 37. Rd1 Kf7 38. Rd2 Ne1 39. Re2 1-0

[Event "Karl Mala Memorial op 08th"]
[Site "Frankfurt"]
[Date "2004.07.24"]
[Round "5"]
[White "Ehrlacher, Markus"]
[Black "Haun, Klaus"]
[Result "0-1"]
[WhiteElo "1750"]
[BlackElo "1545"]
[PlyCount "44"]
[EventDate "2004.07.22"]
[EventType "swiss"]
[EventRounds "7"]
[EventCountry "GER"]
[SourceTitle "EXT 2005"]
[Source "ChessBase"]
[SourceDate "2004.11.15"]
[SourceVersion "1"]
[SourceVersionDate "2004.11.15"]
[SourceQuality "1"]

1. d4 g6 2. Nf3 Bg7 3. e4 d6 4. Nbd2 Nc6 5. c3 Nf6 6. Bd3 Bd7 7. 0-0 e6 8. Re1 0-0 9. Nf1 Ne8 10. Bg5 f6 11. Bh4 Qc8 12. e5 fxe5 13. dxe5 Nxe5 14. Nxe5 Bxe5 15. Rxe5 dxe5 16. Qe2 Bc6 17. Qxe5 Qd7 18. Ne3 Qxd3 19. Ng4 Ng7 20. Bf6 Qd7 21. Bxg7 Qxg7 22. Qxe6+ Kh8 0-1

[Event "Karl Mala Memorial op 08th"]
[Site "Frankfurt"]
[Date "2004.07.24"]
[Round "4"]
[White "Rosenberger, Frank"]
[Black "Ehrlacher, Markus"]
[Result "1-0"]
[WhiteElo "2154"]
[BlackElo "1750"]
[PlyCount "89"]
[EventDate "2004.07.22"]
[EventType "swiss"]
[EventRounds "7"]
[EventCountry "GER"]
[SourceTitle "EXT 2005"]
[Source "ChessBase"]
[SourceDate "2004.11.15"]
[SourceVersion "1"]
[SourceVersionDate "2004.11.15"]
[SourceQuality "1"]

1. e4 d5 2. exd5 Qxd5 3. Nc3 Qa5 4. d4 c6 5. Bc4 Bf5 6. Nf3 Nf6 7. Ne5 e6 8. g4 Bg6 9. Bd2 Qc7 10. Qe2 Bd6 11. h4 b5 12. Nxg6 hxg6 13. Bd3 Nbd7 14. 0-0-0 Nb6 15. Kb1 Nbd5 16. Nxd5 Nxd5 17. Bxg6 fxg6 18. Qxe6+ Qe7 19. Qxg6+ Kd7 20. Bg5 Qf8 21. Rhe1 Be7 22. Qe6+ Kc7 23. Bxe7 Qxe7 24. Qxe7+ Nxe7 25. Rxe7+ Kd6 26. Rxg7 Rxh4 27. b3 Rf8 28. Rd2 Rh2 29. Rg6+ Kd5 30. Rg5+ Kd6 31. d5 Rhxf2 32. Rg6+ R8f6 33. Rxf6+ Rxf6 34. dxc6+ Kxc6 35. Rg2 Kc5 36. g5 Rg6 37. c3 a5 38. Kc2 a4 39. Kd3 axb3 40. axb3 b4 41. cxb4+ Kxb4 42. Ke4 Kxb3 43. Kf5 Ra6 44. g6 Kc4 45. g7 1-0

[Event "Karl Mala Memorial op 08th"]
[Site "Frankfurt"]
[Date "2004.07.23"]
[Round "3"]
[White "Ehrlacher, Markus"]
[Black "Jurkic, Bosiljko"]
[Result "0-1"]
[WhiteElo "1750"]
[BlackElo "1985"]
[PlyCount "72"]
[EventDate "2004.07.22"]
[EventType "swiss"]
[EventRounds "7"]
[EventCountry "GER"]
[SourceTitle "EXT 2005"]
[Source "ChessBase"]
[SourceDate "2004.11.15"]
[SourceVersion "1"]
[SourceVersionDate "2004.11.15"]
[SourceQuality "1"]
[BlackTeam "Schwarzenbach"]
[BlackTeamCountry "GER"]

1. d4 Nf6 2. Nf3 e6 3. e3 b6 4. Bd3 Bb7 5. Nbd2 c5 6. 0-0 Be7 7. Qe2 0-0 8. c3 d6 9. e4 Nbd7 10. e5 Nd5 11. Ne4 dxe5 12. dxe5 Qc7 13. Neg5 g6 14. Nxh7 Kxh7 15. Ng5+ Bxg5 16. Bxg5 Kg7 17. f4 Rac8 18. Rf3 c4 19. Bc2 b5 20. Rg3 Rh8 21. h4 Qc5+ 22. Kf1 Nxf4 23. Bxf4 Rxh4 24. Be3 Qxe5 25. Bd4 Rxd4 26. Qxe5+ Nxe5 27. cxd4 Nd3 28. Bxd3 cxd3 29. Rxd3 Rc2 30. a4 b4 31. Rg3 Rxb2 32. Rc1 Bd5 33. Rc7 b3 34. Rc5 Rb1+ 35. Ke2 b2 36. Rxd5 Re1+ 0-1